DR. ING. DEZIDER MAGIC PÄŤDESIATROČNÝ

Bibliographic Details
Main Author: Futák, Ján, 1914-1980 (Author)
Format: Article
Language:Slovak

MARC

LEADER 00000nab a2200000uu 4500
001 vtls011442243
003 SK-MaSNL
005 20260303123319.0
008 230213|1971 xo |||||||||||||||||slo|
015 |a SNBRB 
035 |a (urnnbn)urn:nbn:sk:snk:ar-0031y9 
035 |a (uuid)dc98f222-e24e-46fb-a2b8-6ee98e6b6834 
035 |a urn:nbn:sk:snk-abcgay 
040 |a SNKBUCL  |b slo  |c SNKBUCL  |e AACR2 
041 0 |a slo 
044 |a xo  |c SK 
100 1 |a Futák, Ján,  |d 1914-1980  |4 aut  |9 38392 
245 1 0 |a DR. ING. DEZIDER MAGIC PÄŤDESIATROČNÝ  |c J. Futák 
773 0 |t Biológia : časopis Slovenskej akadémie vied  |g Roč. 26, č. 1 (1971), s. 82-83 
954 |a odborná, vedecká literatúra pôvodná (slovenská)  |2 lita 
958 |a OND 
958 |a EUIPO 
958 |a article16 
999 |c 1925121  |d 1927051